Countries with the Most World Cup Wins! - Statistics

General Stats
  • This quiz has been taken 12 times
  • The average score is 7 of 8
Answer Stats
Hint Answer % Correct
5 titles Brazil
100%
3 titles Argentina
91%
1 title England
91%
2 titles France
82%
4 titles Germany
82%
4 titles Italy
82%
1 title Spain
82%
2 titles Uruguay
82%
No matching quizzes found
Score Distribution
Percent of People with Each Score
Percentile by Number Answered
Your Score History
You have not taken this quiz